Normal view
MARC view
- احوال اقتصادية-سياسة اقتصادية-صناعات-فلسطين
Entry Topical Term
001 - CONTROL NUMBER
- control field: 10375
003 - CONTROL NUMBER IDENTIFIER
- control field: JO-AjAnu
005 - DATE AND TIME OF LATEST TRANSACTION
- control field: 20230606071951.0
008 - FIXED-LENGTH DATA ELEMENTS
- fixed length control field: 230606|| aca||aabn | a|a d
040 ## - CATALOGING SOURCE
- Original cataloging agency: JO-AjAnu
- Transcribing agency: JO-AjAnu
150 ## - HEADING--TOPICAL TERM
- Topical term or geographic name entry element: احوال اقتصادية-سياسة اقتصادية-صناعات-فلسطين
670 ## - SOURCE DATA FOUND
- Source citation: Work cat.: (JO-AjAnu)5342: نصر،محمد؛تحرير لغوي عبدالرحمن ابو شمالة؛ترجمة شرين عبدالرزاق, author 10374, دور القطاع الصناعي في التنمية الاقتصادية الفلسطينية